Catálogo

Boletín D-4 : (Registro nro. 41511)

Detalles MARC
000 -LEADER
fixed length control field 01599cam a2200397 i 4500
001 - CONTROL NUMBER
control field 41511
003 - CONTROL NUMBER IDENTIFIER
control field Mx-PuUPA
005 - DATE AND TIME OF LATEST TRANSACTION
control field 20250423140735.0
008 - FIXED-LENGTH DATA ELEMENTS--GENERAL INFORMATION
fixed length control field 140415s2005 mx grl 000 0 spa d
020 ## - INTERNATIONAL STANDARD BOOK NUMBER
International Standard Book Number 9706652213
040 ## - CATALOGING SOURCE
Original cataloging agency Mx-PuUPA
Language of cataloging spa
Transcribing agency Mx-PuUPA
Modifying agency Mx-PuUPA
Description conventions rda
041 0# - LANGUAGE CODE
Language code of text/sound track or separate title spa
100 1# - MAIN ENTRY--PERSONAL NAME
Personal name
110 2# - MAIN ENTRY--CORPORATE NAME
Corporate name or jurisdiction name as entry element Instituto Mexicano de Contadores Públicos,
9 (RLIN) 2424
240 10 - UNIFORM TITLE
Uniform title Obras.
Form subheading Fiscales.
245 10 - TITLE STATEMENT
Title Boletín D-4 :
Remainder of title impuesto sobre la renta diferido : fundamentos y aplicaciones prácticas /
Statement of responsibility, etc. IMCP ; gerencia editorial, Jaime A. Cortés Ramírez ; Centro de Investigación de la Contaduría Pública
246 3# - VARYING FORM OF TITLE
Title proper/short title Impuesto sobre la renta diferido.
246 3# - VARYING FORM OF TITLE
Title proper/short title Fundamentos y aplicaciones prácticas.
250 ## - EDITION STATEMENT
Edition statement Segunda edición /
Remainder of edition statement octubre
264 #1 - PRODUCTION, PUBLICATION, DISTRIBUTION, MANUFACTURE, AND COPYRIGHT NOTICE
Place of production, publication, distribution, manufacture México, D. F. :
Name of producer, publisher, distributor, manufacturer Instituto Mexicano de Contadores Públicos,
Date of production, publication, distribution, manufacture, or copyright notice 2005
300 ## - PHYSICAL DESCRIPTION
Extent x, 238 páginas :
Other physical details tablas ;
Dimensions 28 cm
336 ## - CONTENT TYPE
Fuente rdacontent
Content type term texto
Content type code txt
337 ## - MEDIA TYPE
Source rdamedia
Media type term sin medio
Media type code n
338 ## - CARRIER TYPE
Source rdacarrier
Carrier type term volumen
Carrier type code nc
490 0# - SERIES STATEMENT
Series statement Fiscal
650 #7 - SUBJECT ADDED ENTRY--TOPICAL TERM
9 (RLIN) 13986
Source of heading or term armarc
Topical term or geographic name entry element Impuestos sobre la renta
650 #7 - SUBJECT ADDED ENTRY--TOPICAL TERM
Source of heading or term armarc
Topical term or geographic name entry element Impuestos sobre la renta
General subdivision Contabilidad
Geographic subdivision México
650 #7 - SUBJECT ADDED ENTRY--TOPICAL TERM
Source of heading or term armarc
Topical term or geographic name entry element Impuestos sobre la renta
Form subdivision Legislación
Geographic subdivision México
700 1# - ADDED ENTRY--PERSONAL NAME
Personal name Cortés Ramírez, Jaime A.,
Relator term gerente
710 ## - ADDED ENTRY--CORPORATE NAME
Corporate name or jurisdiction name as entry element Centro de Investigación de la Contaduría Pública
Relator term editor
942 ## - ADDED ENTRY ELEMENTS (KOHA)
Source of classification or shelving scheme Dewey Decimal Classification
Koha item type Libro
Classification part 336.240972
Item part b68
Suppress in OPAC avdi
Existencias
Withdrawn status Lost status Source of classification or shelving scheme Damaged status Not for loan Collection code Home library Current library Shelving location Date acquired Source of acquisition Total Checkouts Full call number Barcode Date last seen Price effective from Koha item type
    Dewey Decimal Classification     General Biblioteca Karol Wojtyla Biblioteca Karol Wojtyla Sala general 03/12/2013 Donación   336.240972 B68 2005 62597 05/01/2026 03/12/2013 Libro